| 000 | 01212nam2a22002531 4500 | ||
|---|---|---|---|
| 001 | v19\rc\1463377 | ||
| 005 | 20250618144249.0 | ||
| 035 | _a(NLR Aleph) 004600761 | ||
| 090 |
_a2782575 _c2782575 |
||
| 100 | _a20060620d1875 |||y0rusy50 ca | ||
| 101 | 0 | _arus | |
| 102 | _aRU | ||
| 105 | _ay z ||||| | ||
| 200 | 0 | _a... со дня открытия в ноябре 1871 г. по 1-е января 1875 года | |
| 210 |
_d1875 _aБ. м. |
||
| 215 | _a20 с. | ||
| 461 | 0 |
_1001v19\rc\1463376 _12001#$aОтчет Родильного отделения Киевской еврейской больницы...$v... со дня открытия в ноябре 1871 г. по 1-е января 1875 года _92782567 _aКиевская еврейская больница. Родильное отделение _cКиев _d1875 _tОтчет Родильного отделения Киевской еврейской больницы... _v... со дня открытия в ноябре 1871 г. по 1-е января 1875 года |
|
| 801 | 0 |
_aRU _bNLR _gpsbo |
|
| 801 | 0 |
_aRU _bRuMoRGB _2psbo |
|
| 801 | 1 |
_aRU _bProSoft-M _2rusmarc |
|
| 852 |
_aNLR _j18.108.7.447(1) |
||
| 899 | _aБАН | ||
| 942 | _cBOOK | ||
| 980 | _aNB | ||